00422nam a2200157Ia 45000010006000000050017000060080041000230410008000640820017000721000024000892450093001132600009002063000033002156500008002486540008002562235420260414150825.0260414t2011||||xx |||||||||||||| ||spa|| aESP a621.367bS66 aSolomon, ChriseAUT 0aFundamentals of digital image processing :ba practical approach with examples in Matlab c2011 axiv, 328 páginas :c24 cm. aTCA aCET